000 00756nam a22002537a 4500
001 45374
003 UA-OsUOA
005 20240102150543.0
007 ta
008 20111010b un ||||| |||| 00| 0 ukr d
040 _aUA-OsUOA
_bukr
_cUA-OsUOA
_dUA-OsUOA
041 _aukr
080 _a82
090 _a82
_bС79
100 _aСтепаник О.
245 _aПісні і Думи з Огайо
_cО. Степаник
260 _aЕдмонтон
_c1950
300 _a109 с.
650 7 _a82 Література. Літературознавство
_2UDC
942 _cBK
_2udc
955 _a3
999 _c425477
_d425477